=LDR 00000nam 2200000 4500 =001 INLIS000000000001956 =005 20130612090331 =008 ***********************************Ind** =035 ##$$0010-061300000001956 =041 ##$$a Ind =082 ##$$a 720 =090 ##$$a 720, Rah m =100 ##$$a Raharjo, J.Budhy =245 ##$$a Materi pelajaran pendidikan seni : seni teater (drama) untuk SMA kelas I (program inti) semester 1 dan 2, J.Budhy Raharjo =260 ##$$a 1986 $b Bandung =300 ##$$a viii, 102 hlm, Ilus, 21 cm =650 ##$$a Teater =850 ##$$a NBPNMAT